000 01054nam a2200289Ia 4500
999 _c56580
_d56580
001 23694
003 GE_BSU
005 20260325162055.0
008 181216s2012||||ge |||||||||||||| ||geo||
020 _a9785991619844
040 _cGE_BSU
041 _ageo
080 _a579(075.8) Е-60
100 _aЕмцев, В.Т.
_927207
245 _aМикробиология :
_bУчебник для бакалавров /
_cЕмцев,В.Т., Мишустин,Е.Н. ; Ред.:Н.Л.Красинская, Н.Н.Коломилова.
250 _a8-е издание
264 _aМосква :
_bЮрайт,
_c2012.
300 _a445 стр.
_bилл. ;
_c22 см.
504 _aБиблиогр. стр. 427
541 _h36 Л.
653 _aМикробиология
653 _aმიკრობიოლოგია
700 _a Мишустин,Е.Н.
_eАвтор
_927208
700 _dКрасинская, Н.Л.
_eРедактор
_927209
700 _aКоломилова, Н.Н.
_eРедактор
_927210
942 _cBK
_2udc